[Event "FRA Top 16 Lower Pool U16"]
[Site "France"]
[Date "2022.06.06"]
[Round "4.4"]
[White "Rakotomamonjy, Logan"]
[Black "Andreopa, Moureli"]
[Result "0-1"]
[WhiteElo "1569"]
[BlackElo "1564"]
[PlyCount "68"]
[EventDate "2022.06.04"]
[EventType "tourn"]
[EventRounds "4"]
[EventCountry "FRA"]
[SourceTitle "EXT 2023"]
[Source "ChessBase"]
[SourceDate "2022.10.05"]
[SourceVersion "1"]
[SourceVersionDate "2022.10.05"]
[SourceQuality "1"]

1. e4 d5 2. exd5 Qxd5 3. Nc3 Qd6 4. d4 Nf6 5. Nf3 a6 6. g3 Bg4 7. Bg2 e6 8. h3 Bxf3 9. Bxf3 Nc6 10. d5 exd5 11. Bf4 Qe6+ 12. Kf1 0-0-0 13. Kg2 Bc5 14. Re1 Ne4 15. Bxe4 dxe4 16. Qh5 f5 17. Nxe4 Qd5 18. Rad1 Nd4 19. c3 fxe4 20. Qxd5 Rxd5 21. cxd4 Rxd4 22. Rxd4 Bxd4 23. b3 Re8 24. g4 c5 25. Kg3 Kd7 26. Be3 Kc6 27. Kf4 Kd5 28. g5 Rf8+ 29. Kg3 Rf3+ 30. Kg2 Ke5 31. Re2 Bxe3 32. fxe3 Kf5 33. Rf2 Rxf2+ 34. Kxf2 Kxg5 0-1